| 000 | 01451aam a2200217 4500 | ||
|---|---|---|---|
| 010 | _a 2001048945 | ||
| 020 |
_a0415938368(cased) : _c50.00 |
||
| 020 |
_a0415938376(pbk.) : _c12.99 |
||
| 082 | 0 | 4 |
_a305.8002854678 _221 |
| 100 | 1 | _aNakamura, Lisa. | |
| 245 | 1 | 0 |
_aCybertypes : _brace, ethnicity, and identity on the Internet / _cLisa Nakamura. |
| 260 |
_aNew York ; _aLondon : _bRoutledge, _c2002. |
||
| 300 |
_axix, 169 p. : _bill. ; _c22 cm. |
||
| 504 | _aIncludes bibliographical references and index. | ||
| 505 |
_aCover; CybertypesRace, Ethnicity, and Identityon the Internet; Title Page; Copyright Page; Table of Contents; Acknowledgments; Introduction; Cybertyping and the Work of Race in the Age of Digital Reproduction; Head-Hunting on the Internet: Identity Tourism, Avatars, and Racial Passing in Textual and Graphic Chat Spaces; Race in the Construct and the Construction of Race: The ""Consensual Hallucination"" of Multiculturalism in the Fictions of Cyberspace; ""Where Do You Want to Go Today?"": Cybernetic Tourism, the Internet, and Transnationality. Menu-Driven Identities: Making Race Happen OnlineConclusion; Keeping It (Virtually) Real: The Discourse of Cyberspace as an Object of Knowledge; Notes; Works Cited; Index. _g _r _t |
||
| 650 | 0 |
_aCyberspace _xSocial aspects. |
|
| 650 | 0 |
_aInternet _xSocial aspects. |
|
| 650 | 0 | _aRace awareness. | |
| 650 | 0 | _aRace discrimination. | |
| 999 |
_c5911 _d5911 |
||